000 00244nam a2200097Ia 4500
008 190216s9999||||xx |||||||||||||| ||und||
100 _aNull
245 0 _aHindi-Ajay Ka Kavya Yek Visleshana
260 _bPoomkavanam Books Publishers
942 _cBK
999 _c17037
_d17037